Viagens que eu fiz desde a mudança pra Prudente - Statistics

Estatísticas Gerais
  • Esse quiz foi jogado 12 vezes
    2 desde o último reset
  • A pontuação média é 15 de 29
Estatísticas das Respostas
Hint Resposta % Correto
Outubro 2022 São Paulo
100%
Setembro 2024 São Paulo / EsPCEx
100%
Setembro 2025 São Paulo / The Town
100%
Dezembro 2022 Belize / Caye Caulker
50%
Dezembro 2023 Bolívia / Salar / Uyuni
50%
Julho 2022 Brasília
50%
Agosto 2024 Brotas / Pirassununga / AFA
50%
Janeiro 2024 Campos do Jordão
50%
Dezembro 2023 Chile / Atacama
50%
Dezembro 2022 Colombia / Bogotá
50%
Julho 2023 Cornélio Procópio
50%
Dezembro 2022 Costa Rica / La Fortuna
50%
Outubro 2025 Curitiba / Ponta Grossa
50%
Setembro 2025 Espírito Santo / Vitória / Vila Velha
50%
Dezembro 2022 Guatemala / Antígua
50%
Setembro 2025 Londrina / Tropicadelia
50%
Maio 2024 Maragogi / Salinas
50%
Junho 2023 Mato Grosso do Sul / Rancho
50%
Dezembro 2022 México / Cancun
50%
Abril 2022 Mudança / Foz do Iguaçu / Cataratas
50%
Dezembro 2022 Panamá / Casco Viejo
50%
Dezembro 2023 Peru / Cuzco / Machu Picchu
50%
Junho 2025 Ribeirão Preto / João Rock
50%
Novembro 2024 Rosana
50%
Novembro 2022 São José dos Campos
50%
Janeiro 2024 São José dos Campos
50%
Janeiro 2024 Ubatuba
50%
Dezembro 2024 Epitácio / Figueiral
0%
Março 2023 Ilha Solteira / Andradina
0%
Nenhum quiz correspondente encontrado
Distribuição das Pontuações
Porcentagem de Pessoas com Cada Pontuação
Percentil de Números Respondidos
Sua Pontuação Histórica
Você não jogou esse quiz desde o último reset